| 000 | 00631nam a2200181 i 4500 | ||
|---|---|---|---|
| 001 | 38178 | ||
| 003 | ES-MaACL | ||
| 005 | 20230906155719.0 | ||
| 007 | t| | ||
| 008 | 030224s1968 sp ||||1| spa d | ||
| 100 | 1 |
_aCabestrero, Teófilo. _933189 |
|
| 245 | 1 | 0 |
_aSeptuagésima, sexagésima, quincuagésima, San José / _cTeófilo Cabestrero ; con la colaboración de Santiago García y María Pilar de la Figuera. |
| 260 |
_a[Madrid : _bs.n., _c1968] ( _fMarsiega) |
||
| 300 |
_a60 p. ; _c20 cm. |
||
| 700 | 1 |
_aGarcía, Santiago. _954096 |
|
| 700 | 1 |
_aFiguera, María Pilar de la. _950753 |
|
| 852 |
_aES-MaACL _j2060-F-12 _bR.65365 |
||
| 999 |
_c38178 _d38178 |
||